| 000 | 01030nam a22002055i 4500 | ||
|---|---|---|---|
| 001 | 178743 | ||
| 003 | ES-MaACL | ||
| 005 | 20230906220611.0 | ||
| 008 | 110613s1975 sp a |||| | spa d | ||
| 080 | _a617.586 | ||
| 100 | 1 |
_aFisas Graupera, Juan. _9147197 |
|
| 245 | 1 | 0 |
_aVariaciones de forma y posición de los huesos del tarso posterior durante el desarrollo embrionario _b: su interés en el estudio de la patogenia del pie equinovaro congénito / _cresumen de la tesis presentada para aspirar al grado de doctor en medicina por Juan Fisas Graupera. |
| 260 |
_aBarcelona : _bUniversidad de Barcelona, Secretariado de Publicaciones, Intercambio Científico y Extensión Universitaria : _bEdiciones de la Universidad de Barcelona, _c1975. |
||
| 300 |
_a14 p. : _bil. bl. y n. ; _c24 cm. |
||
| 500 | _aCub. tomada como port. | ||
| 504 | _aBibliografía: p. 11-14. | ||
| 650 | 4 |
_aPies- _xAnomalías y malformaciones. _9147198 |
|
| 710 | 2 |
_aUniversidad de Barcelona. _97141 |
|
| 852 |
_aES-MaACL _jE-15361 (146) _xOlim P-1374 |
||
| 999 |
_c178743 _d178743 |
||